Informe final del proyecto No. 725-AO-16 Análisis de conflictos socioambientales de los campesinos en las zonas d amortiguamiento de las áreas protegidas de la Península de Osa (Primera y Segunda Etapa)
El documento presenta un contexto histórico de los conflictos socio ambientales de la Península de Osa, el entorno al uso y acceso a los recursos naturales, intereses, posiciones de los campesinos y el escenario actual de la incertidumbre. La investigación propone las bases de un escenario por const...
Gorde:
| Beste egile batzuk: | , , |
|---|---|
| Formatua: | Liburua |
| Hizkuntza: | Spanish |
| Argitaratua: |
San José: Costa Rica
Instituto de Investigaciones Soicales
2002
|
| Gaiak: | |
| Etiketak: |
Etiketa erantsi
Etiketarik gabe, Izan zaitez lehena erregistro honi etiketa jartzen!
|
MARC
| LEADER | 00000nam a22000007a 4500 | ||
|---|---|---|---|
| 003 | cru CRAI/IIS | ||
| 005 | 20230314062556.0 | ||
| 007 | ta | ||
| 008 | 220119b2002 cr ||||| |||| 00| 0 spa d | ||
| 040 | |c cru CRAI/IIS | ||
| 090 | |a REV1228 725-AO-16 2002 | ||
| 245 | |a Informe final del proyecto No. 725-AO-16 |b Análisis de conflictos socioambientales de los campesinos en las zonas d amortiguamiento de las áreas protegidas de la Península de Osa (Primera y Segunda Etapa) |c Hannia Franceschi Barraza et.al. | ||
| 260 | |a San José: Costa Rica |b Instituto de Investigaciones Soicales |c 2002 | ||
| 300 | |a [49 hojas] | ||
| 520 | |a El documento presenta un contexto histórico de los conflictos socio ambientales de la Península de Osa, el entorno al uso y acceso a los recursos naturales, intereses, posiciones de los campesinos y el escenario actual de la incertidumbre. La investigación propone las bases de un escenario por construir con base en la sistematización de la experiencia . Además se anexa la reseña histórica de los conflictos y la diferenciación de sectores campesinos de la Península en torno al uso y acceso a los recursos naturales. | ||
| 650 | 0 | |9 624 |a CAMPESINADO | |
| 650 | 0 | |9 396 |a MOVIMIENTOS CAMPESINOS | |
| 650 | 4 | |9 2686 |a POBLACION AGRICOLA | |
| 650 | 0 | |9 2496 |a AMBIENTE RURAL | |
| 650 | 0 | |9 674 |a CONFLICTOS SOCIALES | |
| 650 | 4 | |9 2012 |a EFECTOS EN EL MEDIO AMBIENTE | |
| 700 | 1 | |9 10207 |a Rojas Chaves, Gladys | |
| 700 | 1 | |9 10208 |a Quesada Lutz, Milena | |
| 700 | 1 | |a McHugh Brown, Agustín Antonio |9 9211 | |
| 942 | |2 ddc |c PP |h REV1228 725-AO-16 2002 |6 REV1228_725AO16_2002 | ||
| 999 | |c 44041 |d 44041 | ||
| 773 | 0 | |0 44044 |9 6496 |a Instituto de Investigaciones Sociales (UCR) |d San José, Costa Rica IIS 1975- |o 21832 |t SERIE INFORMES FINALES DE INVESTIGACION. | |
